Nimeä FC Hakan päävalmentajat - Statistics

Yleistilastot
  • Tätä visaa on pelattu 8 kertaa
  • Keskiarvotulos 7 / 14
Vastaustilastot
Hint Vastaus % Oikein
2019-2023 Teemu Tainio
100%
2017-2018 Keith Armstrong
75%
1997-2001 Keith Armstrong
75%
2002-2009 Olli Huttunen
75%
2024-2025 Andy Smith
50%
2012 Juha Malinen
50%
1993-1996 Jukka Vakkila
50%
2025 Kari Martonen
50%
2015-2016 Kari Martonen
50%
2026- Tommi Ekmark
50%
2016 Asko Jussila
25%
2013 Harri Kampman
25%
2013-2014 Juho Rantala
25%
2009-2012 Sami Ristilä
25%
Ehtoja vastaavia visoja ei löytynyt
Tulosjakauma
Jokaisen tuloksen saaneiden osuus
Persentiili vastausten määrän mukaan
Tuloshistoriasi
Et ole pelannut tätä visaa